| 000 | 00986cam a2200229 4500 | ||
|---|---|---|---|
| 001 | ABS66551 | ||
| 008 | 030331n2003 000 0 eng u | ||
| 035 | _a(Sirsi) u121805 | ||
| 100 | _aWatkins, D. | ||
| 245 | _aReach for the skies | ||
| 260 | _c2003 | ||
| 490 |
_aEstates Gazette _v (0310) 8 March 2003, 148-149(2) |
||
| 520 | _aOffers advice to applicants trying to get permission to build skyscrapers in the light of the attack on the World Trade Centre. Suggests a number of considerations which should be examined such as the environmental impact. This will especially involve the visual impact of the development, night lighting etc. Another aspect to be examined would be the effect on transport. | ||
| 590 | _aABS | ||
| 650 | _aWORLD TRADE CENTER | ||
| 650 | _aPLANNING PERMISSION | ||
| 650 | _aENVIRONMENTAL IMPACT | ||
| 650 | _aSKYSCRAPERS | ||
| 650 | _aURBAN DEVELOPMENT | ||
| 690 | _aENVIRONMENTAL AND LAND CONSULTANCY-PLANNING AND DEVELOPMENT | ||
| 942 | _n0 | ||
| 999 |
_c72388 _d72388 |
||